[Event "31st Cappelle Open 2015"]
[Site "Cappelle la Grande FRA"]
[Date "2015.02.28"]
[Round "1.2"]
[White "Areshchenko, Alexander"]
[Black "Sepp, Olav"]
[Result "1-0"]
[WhiteTitle "GM"]
[BlackTitle "IM"]
[WhiteElo "2661"]
[BlackElo "2411"]
[WhiteFideId "14109530"]
[BlackFideId "4500105"]
[EventDate "2015.02.28"]

1. e4 e5 2. Nf3 Nc6 3. Bb5 Nf6 4. d3 d6 5. O-O Be7 6. c3 O-O 7. Re1 a6 8. Ba4 b5
9. Bc2 Re8 10. Nbd2 Bf8 11. d4 h6 12. a4 Bb7 13. d5 Ne7 14. b3 c6 15. c4 bxc4
16. bxc4 a5 17. Nf1 Ba6 18. Ne3 Qd7 19. h3 Ng6 20. Bd2 cxd5 21. exd5 e4 22. Nd4
Ne5 23. Nb5 Rac8 24. Qe2 Qd8 25. Bc3 g6 26. Qd2 Nxc4 27. Nxc4 Rxc4 28. Bb3 Bxb5
29. Bxa5 Qe7 30. axb5 Rc5 31. b6 Bg7 32. Rac1 Nd7 33. Ba4 Rec8 34. Bc6 Rxc1 35.
Rxc1 Ne5 36. Qe3 Nd3 37. Rc4 Nc5 38. Bb4 f5 39. Bxc5 dxc5 40. b7 Rb8 41. Qxc5
Qxc5 42. Rxc5 Be5 43. Rb5 Kf8 44. Bd7 Ke7 45. Bc8 1-0

[Event "31st Cappelle Open 2015"]
[Site "Cappelle la Grande FRA"]
[Date "2015.02.28"]
[Round "1.3"]
[White "Martynov, Pavel2"]
[Black "Kovalenko, Igor"]
[Result "0-1"]
[WhiteTitle "FM"]
[BlackTitle "GM"]
[WhiteElo "2410"]
[BlackElo "2656"]
[WhiteFideId "4122186"]
[BlackFideId "14117908"]
[EventDate "2015.02.28"]

1. d4 Nf6 2. c4 e6 3. Nc3 Bb4 4. Qc2 d5 5. cxd5 exd5 6. Bg5 Be6 7. e3 Nbd7 8. a3
Bxc3+ 9. Qxc3 Bf5 10. f3 c6 11. g4 Bg6 12. Ne2 h5 13. gxh5 Bxh5 14. Bg2 Nf8 15.
Qb4 Ne6 16. Bxf6 Qxf6 17. Qxb7 O-O 18. O-O Rab8 19. Qxc6 Rxb2 20. Ng3 Rxg2+ 21.
Kxg2 Nf4+ 0-1

[Event "31st Cappelle Open 2015"]
[Site "Cappelle la Grande FRA"]
[Date "2015.02.28"]
[Round "1.4"]
[White "Baklan, Vladimir"]
[Black "Milchev, Nikolay"]
[Result "1/2-1/2"]
[WhiteTitle "GM"]
[BlackTitle "IM"]
[WhiteElo "2652"]
[BlackElo "2409"]
[WhiteFideId "14102196"]
[BlackFideId "2906090"]
[EventDate "2015.02.28"]

1. e4 e5 2. Nf3 Nc6 3. Bb5 Nge7 4. Nc3 a6 5. Bc4 Ng6 6. h4 Be7 7. d3 h6 8. Nd5
d6 9. h5 Nf8 10. c3 Na5 11. Nxe7 Qxe7 12. Qa4+ Nc6 13. b4 Bd7 14. Qb3 Be6 15.
Nh4 Bxc4 16. Qxc4 Qe6 17. Nf5 Rg8 18. Qb3 Ne7 19. Ne3 Qxb3 20. axb3 O-O-O 21. g3
Nh7 22. Bd2 Rgf8 23. c4 f5 24. Nd5 Nxd5 25. cxd5 Kd7 26. Ke2 Rc8 27. Ra5 Rf7 28.
b5 axb5 29. Rxb5 b6 30. Rb4 Ra8 31. Ra4 Rxa4 32. bxa4 Rf8 33. f4 exf4 34. gxf4
Nf6 35. Kf3 Re8 36. Bc3 fxe4+ 37. dxe4 Nxe4 38. Bxg7 Nd2+ 39. Kf2 Ne4+ 40. Kf3
Nd2+ 41. Kf2 1/2-1/2

[Event "31st Cappelle Open 2015"]
[Site "Cappelle la Grande FRA"]
[Date "2015.02.28"]
[Round "1.5"]
[White "Yagupov, Igor"]
[Black "Gharamian, Tigran"]
[Result "0-1"]
[WhiteTitle "GM"]
[BlackTitle "GM"]
[WhiteElo "2408"]
[BlackElo "2651"]
[WhiteFideId "4113632"]
[BlackFideId "13301527"]
[EventDate "2015.02.28"]

1. e4 g6 2. d4 Bg7 3. Nc3 a6 4. f4 d5 5. Nxd5 e6 6. Ne3 Qxd4 7. Qxd4 Bxd4 8. Nf3
Bg7 9. Nc4 b6 10. Be2 Bb7 11. e5 Ne7 12. Bd2 O-O 13. O-O-O Rd8 14. Be3 Nd5 15.
Bf2 Nd7 16. g3 Bf8 17. Rhe1 Nc5 18. Nfd2 Nb4 19. a3 Nc6 20. Bf3 b5 21. Ne3 Kg7
22. Ng4 a5 23. Nb3 Nxb3+ 24. cxb3 Be7 25. Be3 a4 26. b4 Na5 27. Bxb7 Nxb7 28.
Nf2 c5 29. bxc5 Bxc5 30. Bxc5 Nxc5 31. Rxd8 Rxd8 32. Rd1 Nb3+ 33. Kc2 Rc8+ 34.
Kd3 Na5 35. Re1 Rd8+ 36. Kc3 Rc8+ 37. Kd3 Rd8+ 38. Kc3 Rc8+ 39. Kd3 Rd8+ 40. Kc3
Rc8+ 41. Kd3 b4 42. axb4 Nc6 43. Re4 Ne7 44. Kd2 Nd5 45. Nd3 Ra8 46. Kc2 a3 47.
Kb1 h5 48. Rc4 h4 49. gxh4 axb2 50. Kxb2 Rh8 51. Rc2 Rxh4 52. b5 Rh3 53. Rd2 Rf3
54. Kb3 Nxf4 55. Kc4 Nd5 56. Kc5 Nc3 57. Kc4 Nd5 58. Kc5 Nc3 59. Kc4 Nd5 60. Rb2
Nb6+ 61. Kd4 Rh3 62. Ra2 g5 63. Ra7 Rxh2 64. Kc5 Nd5 65. Nb4 Nxb4 66. Kxb4 Rb2+
67. Kc5 Kg6 68. Ra4 Kf5 69. Ra7 Kxe5 70. Rxf7 Rc2+ 71. Kb4 g4 72. b6 g3 73. b7
Rb2+ 74. Kc5 g2 75. Rg7 Rxb7 76. Rxg2 Rc7+ 77. Kb4 Kf4 78. Rg1 e5 79. Rf1+ Kg3
80. Re1 Re7 81. Kc4 Kf2 82. Ra1 e4 0-1

[Event "31st Cappelle Open 2015"]
[Site "Cappelle la Grande FRA"]
[Date "2015.02.28"]
[Round "1.6"]
[White "Landa, Konstantin"]
[Black "Santiago, Yago De Moura"]
[Result "1-0"]
[WhiteTitle "GM"]
[BlackTitle "IM"]
[WhiteElo "2650"]
[BlackElo "2406"]
[WhiteFideId "4101685"]
[EventDate "2015.02.28"]

1. d4 Nf6 2. c4 g6 3. Nc3 Bg7 4. e4 d6 5. Nf3 O-O 6. Be2 e5 7. O-O exd4 8. Nxd4
Re8 9. f3 Nc6 10. Be3 Nh5 11. f4 Nf6 12. Bf3 Ng4 13. Bxg4 Bxg4 14. Nxc6 Qd7 15.
Qd3 Qxc6 16. Bd4 Be6 17. b3 Bxd4+ 18. Qxd4 f5 19. exf5 gxf5 20. Qf6 Qc5+ 21. Kh1
Bf7 22. Rf3 c6 23. h4 Bg6 24. Kh2 Rf8 25. Qg5 Kh8 26. Rd1 Rae8 27. h5 Re6 28.
hxg6 Rxg6 29. Qh4 Rfg8 30. Rd2 1-0

[Event "31st Cappelle Open 2015"]
[Site "Cappelle la Grande FRA"]
[Date "2015.02.28"]
[Round "1.7"]
[White "Vetoshko, Volodymyr"]
[Black "Oleksiyenko, Mykhaylo"]
[Result "1/2-1/2"]
[WhiteTitle "IM"]
[BlackTitle "GM"]
[WhiteElo "2404"]
[BlackElo "2643"]
[WhiteFideId "14122480"]
[BlackFideId "4152417"]
[EventDate "2015.02.28"]

1. d4 f5 2. e4 fxe4 3. Nc3 Nf6 4. Bg5 Nc6 5. d5 Ne5 6. Qe2 c6 7. O-O-O cxd5 8.
Nxd5 e6 9. f4 Nf7 10. Bxf6 gxf6 11. Qxe4 f5 12. Qe3 Bh6 13. Ne2 O-O 14. Ndc3 b5
15. g4 Qb6 16. Qxb6 axb6 17. gxf5 b4 18. fxe6 dxe6 19. Ne4 Rxa2 20. Kb1 Ra5 21.
Nd4 Bb7 22. Bg2 Kh8 23. Nb3 Rf5 24. Nd4 Bxe4 25. Bxe4 Rxf4 26. Nxe6 Rxe4 27.
Nxf8 Bxf8 28. Rdf1 Kg8 29. Rhg1+ Bg7 30. Rf6 Rh4 31. Rxb6 h6 32. Rb8+ Kh7 33.
Rb7 Ng5 34. Rg2 Kg6 35. Ka2 Be5 36. Kb3 Rh3+ 37. Kxb4 Bxb2 38. c4 Be5 39. c5
Bxh2 40. c6 Bd6+ 41. Kc4 Rh1 42. Rc2 1/2-1/2

[Event "31st Cappelle Open 2015"]
[Site "Cappelle la Grande FRA"]
[Date "2015.02.28"]
[Round "1.8"]
[White "Vovk, Andrey"]
[Black "Navrotescu, Catalin"]
[Result "1-0"]
[WhiteTitle "GM"]
[BlackTitle "IM"]
[WhiteElo "2642"]
[BlackElo "2400"]
[WhiteFideId "14114470"]
[BlackFideId "1200208"]
[EventDate "2015.02.28"]

1. e4 c5 2. Nf3 e6 3. d4 cxd4 4. Nxd4 a6 5. Bd3 Bc5 6. Nb3 Ba7 7. O-O Nc6 8. Qg4
Nf6 9. Qg3 d6 10. Kh1 Nh5 11. Qh3 g6 12. Be2 e5 13. Bg4 O-O 14. Bh6 Nf4 15. Qf3
Bxg4 16. Qxg4 f5 17. Qd1 Rf7 18. Bxf4 exf4 19. Nc3 fxe4 20. Nxe4 d5 21. Ned2 Qf6
22. c3 Rd8 23. Nf3 d4 24. cxd4 Bxd4 25. Qc2 Rfd7 26. Rad1 Ba7 27. Rde1 Kg7 28.
Re4 g5 29. Rfe1 Rd6 30. h3 h6 31. Kg1 R8d7 32. a3 Re7 33. Rxe7+ Nxe7 34. Qc7 Re6
35. Rxe6 Qxe6 36. Qxb7 Bb6 37. Nbd4 Bxd4 38. Nxd4 Qe1+ 39. Kh2 Kf8 40. Qxa6 Qxf2
41. Qxh6+ Ke8 42. Qh8+ Kd7 43. Nf3 1-0

[Event "31st Cappelle Open 2015"]
[Site "Cappelle la Grande FRA"]
[Date "2015.02.28"]
[Round "1.9"]
[White "Rzayev, Bahruz"]
[Black "Iturrizaga Bonelli, Eduardo"]
[Result "0-1"]
[WhiteTitle "IM"]
[BlackTitle "GM"]
[WhiteElo "2400"]
[BlackElo "2640"]
[WhiteFideId "13403036"]
[BlackFideId "3901211"]
[EventDate "2015.02.28"]

1. c4 c5 2. Nc3 g6 3. g3 Bg7 4. Bg2 Nc6 5. a3 Nh6 6. Rb1 d6 7. e3 Bg4 8. Nge2
O-O 9. h3 Bd7 10. O-O Rc8 11. d3 Nf5 12. b4 b6 13. b5 Na5 14. Bb2 e6 15. Na2
Bxb2 16. Rxb2 d5 17. cxd5 exd5 18. Bxd5 Nd6 19. Nac3 Nxb5 20. Nxb5 Bxb5 21. Nf4
Bc6 22. e4 Bxd5 23. Nxd5 Nc6 24. Rd2 Qd6 25. h4 Rfd8 26. Qa4 Qe6 27. Kh2 b5 28.
Qd1 Nd4 29. f4 f5 30. Nc3 a6 31. exf5 gxf5 32. Rg2 Re8 33. g4 Kh8 34. gxf5 Qh6
35. Rg4 Re3 36. Ne4 c4 37. Ng5 Qh5 38. Rfg1 c3 39. Ne6 Nf3+ 40. Kh1 Qxf5 41.
R4g3 Qxe6 42. Rxf3 Qd5 43. Rg3 Rxf3 0-1

[Event "31st Cappelle Open 2015"]
[Site "Cappelle la Grande FRA"]
[Date "2015.02.28"]
[Round "1.10"]
[White "Azarov, Sergei"]
[Black "Solomon, Kenny"]
[Result "1-0"]
[WhiteTitle "GM"]
[BlackTitle "GM"]
[WhiteElo "2635"]
[BlackElo "2399"]
[WhiteFideId "13501470"]
[BlackFideId "14300192"]
[EventDate "2015.02.28"]

1. e4 d6 2. d4 Nf6 3. Nc3 g6 4. Nf3 Bg7 5. Be3 O-O 6. Qd2 Ng4 7. Bg5 h6 8. Bh4
c6 9. h3 Nf6 10. O-O-O b5 11. e5 b4 12. exf6 bxc3 13. Qxc3 exf6 14. Bg3 Re8 15.
Bd3 a5 16. Rhe1 Be6 17. Re2 f5 18. Qa3 Bf8 19. Rde1 Na6 20. d5 cxd5 21. Bb5 Qb6
22. Bxe8 Rxe8 23. Bf4 Nb4 24. Be3 Qc7 25. Bd4 Rc8 26. Qb3 f4 27. a3 Nc6 28. Kb1
Qd7 29. Qa4 Bf5 30. Bc3 Qb7 31. Re8 Be4 32. Rxc8 Qxc8 33. Nd4 Ne5 34. f3 1-0

[Event "31st Cappelle Open 2015"]
[Site "Cappelle la Grande FRA"]
[Date "2015.02.28"]
[Round "1.11"]
[White "Roser, Kevin"]
[Black "Onischuk, Vladimir"]
[Result "0-1"]
[WhiteTitle "IM"]
[BlackTitle "GM"]
[WhiteElo "2395"]
[BlackElo "2629"]
[WhiteFideId "608688"]
[BlackFideId "14114038"]
[EventDate "2015.02.28"]

1. e4 d6 2. d4 g6 3. Nc3 Nf6 4. Be3 c6 5. h3 Nbd7 6. Nf3 Qa5 7. Qd2 Bg7 8. Bd3
e5 9. O-O O-O 10. a4 Re8 11. Rfe1 exd4 12. Nxd4 Nc5 13. b4 Qxb4 14. a5 Nxd3 15.
cxd3 d5 16. exd5 cxd5 17. Nc2 Qf8 18. Nb5 Re7 19. Bxa7 Rxe1+ 20. Rxe1 Bd7 21.
Ncd4 Nh5 22. Bb6 Bh6 23. Qb2 Nf4 24. Qb3 Re8 25. Rd1 Bxh3 26. gxh3 Qe7 27. Nf3
Nxh3+ 28. Kh2 Qd7 29. Re1 Rxe1 30. Nxe1 Qg4 31. Bc7 Bf4+ 32. Bxf4 Nxf4 33. d4
Qh4+ 34. Kg1 Nh3+ 35. Kg2 Qg4+ 36. Kh2 Nxf2 37. Qxd5 Qh4+ 38. Kg1 Nh3+ 0-1

[Event "31st Cappelle Open 2015"]
[Site "Cappelle la Grande FRA"]
[Date "2015.02.28"]
[Round "1.12"]
[White "Gupta, Abhijeet"]
[Black "Favarel, Antoine"]
[Result "1-0"]
[WhiteTitle "GM"]
[BlackTitle "FM"]
[WhiteElo "2621"]
[BlackElo "2394"]
[WhiteFideId "5010608"]
[BlackFideId "642371"]
[EventDate "2015.02.28"]

1. Nf3 d5 2. c4 e6 3. g3 Nf6 4. Bg2 d4 5. O-O c5 6. e3 Nc6 7. exd4 cxd4 8. d3
Bd6 9. Bg5 h6 10. Bxf6 Qxf6 11. Nbd2 Qd8 12. a3 a5 13. Rc1 O-O 14. c5 Bc7 15.
Re1 e5 16. Nc4 Re8 17. Nfd2 Be6 18. Ne4 Bxc4 19. Rxc4 Re7 20. Qg4 Re6 21. Qh5
Ne7 22. Bh3 Rc6 23. Bg2 Re6 24. b4 axb4 25. axb4 Ra3 26. Bh3 Rea6 27. b5 Ra1 28.
Rcc1 Rxc1 29. Rxc1 Ra3 30. Qf3 b6 31. cxb6 Bxb6 32. Nd2 Ra5 33. Rb1 Qd5 34. Qxd5
Nxd5 35. Nc4 Nc3 36. Nxa5 Nxb1 37. Nc4 Bc7 38. b6 Bb8 39. Na5 Nc3 40. Nc6 Bd6
41. b7 g6 42. Bf1 e4 43. dxe4 Nxe4 44. b8=Q+ Bxb8 45. Nxb8 1-0

[Event "31st Cappelle Open 2015"]
[Site "Cappelle la Grande FRA"]
[Date "2015.03.01"]
[Round "2.1"]
[White "Tazbir, Marcin"]
[Black "Areshchenko, Alexander"]
[Result "1/2-1/2"]
[WhiteTitle "GM"]
[BlackTitle "GM"]
[WhiteElo "2518"]
[BlackElo "2661"]
[WhiteFideId "1122452"]
[BlackFideId "14109530"]
[EventDate "2015.02.28"]

1. e4 c5 2. Nf3 d6 3. d4 cxd4 4. Nxd4 Nf6 5. Nc3 a6 6. h3 e5 7. Nde2 b5 8. g4 b4
9. Nd5 Nxd5 10. Qxd5 Ra7 11. Be3 Be6 12. Qd3 Rb7 13. Bg2 Be7 14. O-O O-O 15. c4
Nd7 16. b3 a5 17. f4 Nc5 18. Qc2 a4 19. Rad1 Qb6 20. f5 Bd7 21. f6 axb3 22. axb3
Bxf6 23. Rxf6 gxf6 24. Ng3 Re8 25. Nh5 Re6 26. Qf2 Qd8 27. Rf1 Bc6 28. Qf5 Nxb3
29. g5 Kh8 30. Nxf6 Rxf6 31. gxf6 Nc5 32. Bh6 Ne6 33. Qg4 b3 34. Bg7+ Kg8 35.
Bh6+ Kh8 36. Bg7+ Kg8 37. Bh6+ 1/2-1/2

[Event "31st Cappelle Open 2015"]
[Site "Cappelle la Grande FRA"]
[Date "2015.03.01"]
[Round "2.2"]
[White "Kovalenko, Igor"]
[Black "Libiszewski, Fabien"]
[Result "1-0"]
[WhiteTitle "GM"]
[BlackTitle "GM"]
[WhiteElo "2656"]
[BlackElo "2518"]
[WhiteFideId "14117908"]
[BlackFideId "616834"]
[EventDate "2015.02.28"]

1. d4 Nf6 2. c4 g6 3. Nc3 Bg7 4. e4 d6 5. Nf3 O-O 6. Be2 e5 7. O-O Na6 8. Be3 c6
9. dxe5 dxe5 10. Qxd8 Rxd8 11. h3 Nd7 12. Rfd1 Re8 13. a3 Nac5 14. b4 Ne6 15. c5
Ndf8 16. Bc4 Bd7 17. Rd6 Rad8 18. Rad1 Bc8 19. b5 Rd7 20. a4 Red8 21. Ng5 Rxd6
22. cxd6 h6 23. Nxe6 Bxe6 24. Bxe6 Nxe6 25. bxc6 bxc6 26. Bxa7 Bf8 27. d7 Bb4
28. Bb6 Bxc3 29. a5 1-0

[Event "31st Cappelle Open 2015"]
[Site "Cappelle la Grande FRA"]
[Date "2015.03.01"]
[Round "2.3"]
[White "Gharamian, Tigran"]
[Black "Petkov, Vladimir"]
[Result "0-1"]
[WhiteTitle "GM"]
[BlackTitle "GM"]
[WhiteElo "2651"]
[BlackElo "2517"]
[WhiteFideId "13301527"]
[BlackFideId "2901188"]
[EventDate "2015.02.28"]

1. e4 e5 2. Nf3 Nc6 3. Bb5 a6 4. Ba4 Nge7 5. c3 g6 6. d4 exd4 7. cxd4 Bg7 8. d5
b5 9. Bc2 Na5 10. Bd2 c5 11. Bc3 Bxc3+ 12. Nxc3 d6 13. b3 O-O 14. O-O b4 15. Ne2
Bg4 16. Nd2 Nc8 17. a3 Na7 18. Bd3 Nb5 19. Bxb5 axb5 20. h3 Bd7 21. axb4 cxb4
22. Nd4 Nb7 23. Rxa8 Qxa8 24. Re1 Nc5 25. N2f3 Re8 26. Qb1 Re7 27. Re3 f6 28.
Qe1 Qe8 29. Qxb4 Rxe4 30. Rxe4 Qxe4 31. Qa5 Qe8 32. Qb6 Ne4 33. Qc7 g5 34. Nc6
h5 35. Nb8 Bf5 36. Nd4 Nd2 37. Qc1 Nxb3 38. Nxb3 Qxb8 39. Nd4 Bd7 40. h4 gxh4
41. Nf3 h3 42. Qf4 Qf8 43. Nd2 Qg7 44. g3 Qe7 45. Ne4 Kg7 46. Nxd6 Qe5 47. Qb4
Qxd5 48. Ne4 Qd1+ 49. Kh2 Qf3 0-1

[Event "31st Cappelle Open 2015"]
[Site "Cappelle la Grande FRA"]
[Date "2015.03.01"]
[Round "2.4"]
[White "Papin, Vasily"]
[Black "Landa, Konstantin"]
[Result "1/2-1/2"]
[WhiteTitle "GM"]
[BlackTitle "GM"]
[WhiteElo "2515"]
[BlackElo "2650"]
[WhiteFideId "4143183"]
[BlackFideId "4101685"]
[EventDate "2015.02.28"]

1. c4 c5 2. g3 Nc6 3. Bg2 g6 4. Nc3 Bg7 5. b3 d6 6. Bb2 e5 7. d3 Nge7 8. e3 Be6
9. Nd5 Qd7 10. Qd2 O-O 11. Ne2 Bh3 12. O-O Rae8 13. Rad1 Nxd5 14. cxd5 Bxg2 15.
Kxg2 Nb4 16. Nc3 f5 17. a3 Na6 18. e4 f4 19. f3 g5 20. g4 Bf6 21. Rb1 1/2-1/2

[Event "31st Cappelle Open 2015"]
[Site "Cappelle la Grande FRA"]
[Date "2015.03.01"]
[Round "2.5"]
[White "Kveinys, Aloyzas"]
[Black "Vovk, Andrey"]
[Result "0-1"]
[WhiteTitle "GM"]
[BlackTitle "GM"]
[WhiteElo "2507"]
[BlackElo "2642"]
[WhiteFideId "12800040"]
[BlackFideId "14114470"]
[EventDate "2015.02.28"]

1. d4 Nf6 2. Nf3 g6 3. c4 Bg7 4. g3 O-O 5. Bg2 d6 6. O-O Nc6 7. Nc3 Bf5 8. d5
Na5 9. Nd4 Bd7 10. Qd3 c5 11. Nc2 a6 12. Rb1 Rb8 13. Bd2 b5 14. b3 e6 15. dxe6
Bxe6 16. Ne3 b4 17. Ncd5 Nxd5 18. Bxd5 Qd7 19. Bc1 Nc6 20. Bxc6 Qxc6 21. Bb2 f5
22. Bxg7 Kxg7 23. Rbd1 Rbd8 24. Qc2 f4 25. Nd5 Bxd5 26. Rxd5 Rde8 27. Qd2 fxg3
28. hxg3 Re6 29. f3 Qe8 30. e4 Qf7 31. Rf2 Qf6 32. Kg2 h5 33. Qg5 Qxg5 34. Rxg5
Kf6 35. Rd5 Ke7 36. Rfd2 a5 37. Kf2 a4 38. e5 dxe5 39. Rxc5 e4 40. Rc7+ Kf6 41.
fxe4 Rxe4 42. Rb7 Kg5+ 43. Kg2 axb3 44. axb3 Re3 45. Rb5+ Kh6 46. Rxb4 Rff3 47.
c5 Rxg3+ 48. Kh2 Rh3+ 49. Kg2 Reg3+ 50. Kf2 Rc3 51. Kg2 Rhg3+ 52. Kf2 Rg5 53.
Rc4 Rxc5 54. Rxc5 Rxc5 55. b4 Rb5 56. Rb2 g5 57. Kg3 Kg6 58. Rb1 h4+ 59. Kg4 Rd5
60. Kf3 Rb5 61. Kg4 Rd5 62. Kf3 Kh5 63. b5 g4+ 64. Ke4 Rd8 65. b6 Re8+ 66. Kd3
h3 67. b7 h2 68. b8=Q Rxb8 69. Rxb8 g3 70. Rg8 g2 71. Rxg2 h1=Q 72. Rf2 Kg4 73.
Ke3 Qe1+ 74. Re2 Qc3+ 75. Kf2 Kf4 76. Kf1 Qc1+ 77. Kg2 Qc6+ 78. Kf2 Qh1 79. Rd2
Qh2+ 80. Ke1 Qg1+ 81. Ke2 Ke4 82. Rc2 Qg2+ 83. Kd1 Qf1+ 84. Kd2 Kd4 0-1

[Event "31st Cappelle Open 2015"]
[Site "Cappelle la Grande FRA"]
[Date "2015.03.01"]
[Round "2.6"]
[White "Iturrizaga Bonelli, Eduardo"]
[Black "Kanep, Meelis"]
[Result "1/2-1/2"]
[WhiteTitle "GM"]
[BlackTitle "GM"]
[WhiteElo "2640"]
[BlackElo "2509"]
[WhiteFideId "3901211"]
[BlackFideId "4501047"]
[EventDate "2015.02.28"]

1. Nf3 Nf6 2. c4 g6 3. Nc3 Bg7 4. g3 O-O 5. Bg2 c6 6. b3 Ne4 7. Bb2 d5 8. d4
Nxc3 9. Bxc3 dxc4 10. bxc4 c5 11. Rc1 cxd4 12. Nxd4 Qb6 13. e3 Nc6 14. O-O Rd8
15. Qe2 Bd7 16. c5 Qc7 17. Nb5 Qc8 18. Bxg7 Kxg7 19. Rfd1 Kg8 20. Qb2 Be6 21.
Nd4 Bd7 22. Nb5 Be6 23. Nd4 Bd7 24. Rb1 Na5 25. Rdc1 Rb8 26. Qa3 Qc7 27. c6 Nxc6
28. Qxe7 Qa5 29. Bxc6 Bxc6 30. h4 Qxa2 31. Ra1 Qd5 32. Nxc6 bxc6 33. Rxa7 Rbc8
34. e4 Qb3 35. Rxc6 Qf3 36. Rd7 Re8 37. Rxc8 Rxc8 38. Rd8+ Rxd8 39. Qxd8+ Kg7
40. Qd4+ f6 41. Qd7+ Kg8 42. Qd8+ Kg7 43. Qc7+ Kg8 44. Qf4 Qc3 45. g4 h6 46. Kg2
Qc6 47. Qb8+ Kg7 48. Qa7+ Kf8 49. Qa3+ Kf7 50. Qa7+ Ke6 51. f3 Qc2+ 52. Kg3 Qd2
53. Qb6+ Ke7 54. Qc5+ Ke6 55. Qc6+ Ke7 56. Qb7+ Ke6 57. Qa6+ Ke7 58. Qa7+ Ke6
59. Qb6+ Ke7 60. Qf2 Qc3 61. Qa7+ Kf8 62. Qa8+ Ke7 63. Qa7+ Kf8 64. Qa2 Qe1+ 65.
Qf2 Qc3 66. Kg2 Qd3 67. Qb2 Ke7 68. g5 hxg5 69. hxg5 fxg5 70. Qg7+ Kd8 71. Qf6+
Kd7 72. Qf7+ Kd8 73. Qf6+ Kd7 74. Qg7+ Kd8 75. Qxg6 Qd2+ 76. Kh3 Qd7+ 77. Kg3
Qc7+ 78. Kg2 Qc2+ 79. Kg1 Qc1+ 80. Kf2 Qc2+ 81. Kg3 Qc7+ 82. Kh3 Qc8+ 83. Qf5
Qxf5+ 84. exf5 Ke7 85. Kg3 Kf7 1/2-1/2

[Event "31st Cappelle Open 2015"]
[Site "Cappelle la Grande FRA"]
[Date "2015.03.01"]
[Round "2.7"]
[White "Mastrovasilis, Athanasios"]
[Black "Azarov, Sergei"]
[Result "1/2-1/2"]
[WhiteTitle "GM"]
[BlackTitle "GM"]
[WhiteElo "2506"]
[BlackElo "2635"]
[WhiteFideId "4201990"]
[BlackFideId "13501470"]
[EventDate "2015.02.28"]

1. Nf3 d5 2. g3 c6 3. Bg2 Bg4 4. c4 e6 5. cxd5 exd5 6. O-O Nf6 7. d3 Bxf3 8.
Bxf3 Nbd7 9. Nc3 Bc5 10. Qc2 O-O 11. Na4 Bd6 12. e4 Re8 13. Bg2 Qe7 14. Bd2 dxe4
15. dxe4 Rad8 16. Rae1 Ne5 17. Re2 b5 18. Nc3 Bc5 19. Nd1 Bb6 20. Ne3 Qe6 21. b3
Rd3 22. Kh1 Red8 23. Bc1 b4 24. Rd2 R8d7 25. Rxd3 Nxd3 26. f3 Qe5 27. Bd2 Qd4
28. Bh3 Rd8 29. Nc4 Nxe4 30. Be3 Qc3 31. Qxc3 Nxc3 32. Nxb6 axb6 33. Bxb6 Rb8
34. Bc7 Rb7 35. Bd6 g6 36. Ra1 Nb5 37. Bf1 Rd7 38. Bxd3 Rxd6 39. Bxb5 cxb5 40.
Rc1 Rd3 41. f4 h5 42. Rc5 Rd1+ 43. Kg2 Rd2+ 44. Kh3 Rxa2 45. Rxb5 Rb2 46. Rxb4
Kg7 47. Rb7 Kf6 48. b4 Kg7 49. b5 Kf6 50. b6 Kg7 51. Rb8 Kf6 52. b7 Kf5 53. Re8 1/2-1/2

[Event "31st Cappelle Open 2015"]
[Site "Cappelle la Grande FRA"]
[Date "2015.03.01"]
[Round "2.8"]
[White "Onischuk, Vladimir"]
[Black "Arun Prasad, S."]
[Result "1-0"]
[WhiteTitle "GM"]
[BlackTitle "GM"]
[WhiteElo "2629"]
[BlackElo "2502"]
[WhiteFideId "14114038"]
[BlackFideId "5011167"]
[EventDate "2015.02.28"]

1. e4 e6 2. d4 d5 3. Bd3 dxe4 4. Bxe4 Nf6 5. Bf3 c5 6. Ne2 Nc6 7. Be3 cxd4 8.
Nxd4 Ne5 9. Nc3 Bb4 10. Nb5 Bd7 11. a3 Bxc3+ 12. Nxc3 Nxf3+ 13. Qxf3 Qc7 14. Qg3
Qxg3 15. hxg3 Bc6 16. f3 a6 17. O-O-O Nd5 18. Nxd5 Bxd5 19. b3 b5 20. Rh4 f6 21.
a4 Kf7 22. Kb2 h6 23. Rb4 Bc6 24. Rd6 Rhc8 25. a5 Rab8 26. Bb6 Ke7 27. Rd2 Bd5
28. Rdd4 Kf7 29. c4 bxc4 30. bxc4 Bc6 31. Kc3 h5 32. Rh4 Rh8 33. Be3 Rxb4 34.
Kxb4 Rb8+ 35. Bb6 Kg6 36. Kc5 Rc8 37. Kd6 e5 38. Bc7 Ba4 39. c5 Bb5 40. c6 Kf7
41. Rxh5 Re8 42. Kc5 e4 43. fxe4 Rxe4 44. Kb6 Be2 45. Rc5 Bf1 46. Bf4 Re6 47.
Ka7 1-0

[Event "31st Cappelle Open 2015"]
[Site "Cappelle la Grande FRA"]
[Date "2015.03.01"]
[Round "2.9"]
[White "Kurajica, Bojan"]
[Black "Gupta, Abhijeet"]
[Result "1/2-1/2"]
[WhiteTitle "GM"]
[BlackTitle "GM"]
[WhiteElo "2492"]
[BlackElo "2621"]
[WhiteFideId "14400057"]
[BlackFideId "5010608"]
[EventDate "2015.02.28"]

1. Nf3 Nf6 2. c4 c5 3. g3 d5 4. cxd5 Nxd5 5. Bg2 g6 6. d4 Bg7 7. O-O O-O 8. dxc5
Nc6 9. a3 Bf5 10. Nfd2 Be6 11. Ne4 Qa5 12. Ng5 Rad8 13. Nxe6 fxe6 14. Nd2 Qxc5
15. e3 Ne5 16. Qb3 b5 17. a4 b4 18. Ne4 Qc4 19. Qxc4 Nxc4 20. Rb1 h6 21. Nc5 Kf7
22. Re1 Rc8 23. Nb3 Rfd8 24. a5 Nf6 25. Ra1 Ng4 26. Nd4 Nge5 27. b3 Nd3 28. Rd1
Bxd4 29. exd4 Nxc1 30. Raxc1 Nxa5 31. Rb1 Kf6 32. d5 exd5 33. Bxd5 Rd6 34. Bf3
Rc3 35. Rxd6+ exd6 36. Bd5 Rd3 37. Bg8 Nc6 38. Bc4 Rd2 39. Ra1 a5 40. Bb5 Ne5
41. h3 Nf3+ 42. Kg2 Nd4 43. Ba4 Nc2 44. Rc1 d5 45. h4 h5 46. Rb1 Ne3+ 47. Kg1
Nd1 48. Ra1 d4 49. Be8 Nxf2 50. Rf1 Ke7 51. Bxg6 Nh3+ 52. Kh1 d3 53. Bxh5 a4 54.
bxa4 b3 55. a5 Ra2 56. Rb1 Kf6 57. Rxb3 Ke5 58. a6 Kd4 59. a7 Nf2+ 60. Kg1 Ne4
61. Bf3 d2 62. Rb8 Rxa7 63. Rd8+ Ke3 64. Bxe4 Ra1+ 65. Kg2 d1=Q 66. Rxd1 Rxd1
67. Bf5 Rd5 68. Bg6 Rd2+ 69. Kh3 Kf3 70. h5 Rd1 71. Kh4 Rh1+ 72. Kg5 Kxg3 73. h6
Rxh6 74. Kxh6 1/2-1/2